00831 2200277 4500001002100000005001700021008004100038020001800079035002400097082001300121090002500134100002800159245010100187250001100288260002900299300002300328440003700351500004700388650002300435700001700458700002000475850001600495980001400511985000600525999002200531YOGYA-0209000004549120090227030906.0 ind  a979-7564-43-6 0010-020900000045491 a808.8387 a808.8387bDoy WlDEP aDOYLE, Sir Arthur Conan aWisteria HousecSir Arthur Conan Doyle, alih bahasa, Dela Ariani S. : penyunting, Windy Afiyanti aCet. 2 aYogyakartabDelphic2006 aiv, 132 hlmc18 cm aSeri petualangan Sherlock Holmes aJudul asli : Sherlock Holmes Short Stories aCerita petualangan aAriani, Dela aAfiyanti, Windy aYOPDYOG (M) a20-6-2007 a1 aCB-D.11 2006-740h